[Event "Hannover-chA"]
[Site "Lehrte"]
[Date "2012.10.23"]
[Round "7"]
[White "Sizov, Nikolai"]
[Black "Schmidt, Frederik"]
[Result "1-0"]
[WhiteElo "1575"]
[BlackElo "858"]
[PlyCount "91"]
[EventDate "2012.10.20"]
[EventType "swiss"]
[EventRounds "7"]
[EventCountry "GER"]
[SourceTitle "EXT 2021"]
[Source "ChessBase"]
[SourceDate "2020.10.23"]
[SourceVersion "1"]
[SourceVersionDate "2020.10.23"]
[SourceQuality "1"]

1. e4 e6 2. Bc4 d6 3. d3 c5 4. Nc3 Nf6 5. Nf3 Nc6 6. a3 a6 7. 0-0 Ne7 8. Re1 Ng6 9. d4 Be7 10. e5 Ng4 11. h3 N4xe5 12. dxe5 Nxe5 13. Nxe5 dxe5 14. Qxd8+ Bxd8 15. Rxe5 Be7 16. Bf4 Bd6 17. Re4 f5 18. Bxd6 fxe4 19. Bxc5 b5 20. Bb3 Bb7 21. Re1 Kf7 22. Nxe4 Bxe4 23. Rxe4 Rhe8 24. f4 g6 25. g4 Rac8 26. Bd4 Rc6 27. f5 gxf5 28. gxf5 h5 29. Rxe6 Rcxe6 30. Bxe6+ Ke7 31. Kf2 Rd8 32. Ke3 a5 33. Ke4 b4 34. axb4 axb4 35. Bc5+ Rd6 36. Bxd6+ Kf6 37. Bxb4 Kg5 38. Be7+ Kh6 39. Kf4 h4 40. Bxh4 Kh7 41. Be7 Kg7 42. f6+ Kh6 43. f7 Kh7 44. f8Q Kg6 45. Qf7+ Kh6 46. Bg5# 1-0

[Event "Hannover-chB"]
[Site "Lehrte"]
[Date "2011.10.17"]
[Round "5"]
[White "Sizov, Nikolai"]
[Black "Frese, Immo"]
[Result "0-1"]
[WhiteElo "1550"]
[BlackElo "1678"]
[PlyCount "72"]
[EventDate "2011.10.15"]
[EventType "swiss"]
[EventRounds "7"]
[EventCountry "GER"]
[SourceTitle "EXT 2021"]
[Source "ChessBase"]
[SourceDate "2020.10.23"]
[SourceVersion "1"]
[SourceVersionDate "2020.10.23"]
[SourceQuality "1"]

1. e4 d5 2. Nc3 e6 3. d3 Nf6 4. e5 Nfd7 5. d4 c5 6. Nf3 Nc6 7. Bf4 Qb6 8. Na4 Qa5+ 9. c3 cxd4 10. Nxd4 Ndxe5 11. Bb5 Bd7 12. Nxc6 Nxc6 13. Bd3 b5 14. b4 Qxa4 15. 0-0 Qxd1 16. Rfxd1 a6 17. a4 bxa4 18. Rxa4 Be7 19. b5 Nb8 20. Ra2 0-0 21. Rda1 Rc8 22. Bd2 Bf6 23. Ra3 Be7 24. R3a2 Bc5 25. bxa6 Rc7 26. Bf4 Rc8 27. Rb1 Nc6 28. Rb7 Ra7 29. Rab2 e5 30. Bg3 Be6 31. R2b5 Bd6 32. Rxa7 Nxa7 33. Rb7 Rc7 34. Rb8+ Bc8 35. Bf5 Rxc3 36. f3 Bxb8 0-1

[Event "Hannover-ch op"]
[Site "Hannover"]
[Date "2003.10.26"]
[Round "7"]
[White "Sizov, Nikolai"]
[Black "Sherman, Radyslav"]
[Result "1/2-1/2"]
[WhiteElo "1536"]
[BlackElo "1692"]
[PlyCount "127"]
[EventDate "2003.10.23"]
[EventType "swiss"]
[EventRounds "7"]
[EventCountry "GER"]
[SourceTitle "EXT 2021"]
[Source "ChessBase"]
[SourceDate "2020.10.23"]
[SourceVersion "1"]
[SourceVersionDate "2020.10.23"]
[SourceQuality "1"]

1. d4 d5 2. Bf4 Bf5 3. e3 e6 4. a3 Nf6 5. Nc3 a6 6. Bd3 Bxd3 7. Qxd3 Bd6 8. Bg5 h6 9. Bh4 Be7 10. Nf3 Nc6 11. 0-0 0-0 12. Rfe1 Nh5 13. Bxe7 Qxe7 14. e4 dxe4 15. Rxe4 Nf6 16. Re2 Rad8 17. Rd1 Nd5 18. Nxd5 Rxd5 19. c4 Rd6 20. d5 Qf6 21. Qb3 Nd8 22. Ne5 exd5 23. cxd5 Re8 24. Ng4 Rxe2 25. Nxf6+ Rxf6 26. f3 Rb6 27. Qc3 Rbxb2 28. Qxc7 Rxg2+ 29. Kh1 Rxh2+ 30. Qxh2 Rxh2+ 31. Kxh2 Kf8 32. Re1 b5 33. d6 Ne6 34. f4 g6 35. f5 gxf5 36. Rf1 f4 37. Rc1 Ke8 38. Rc8+ Kd7 39. Ra8 Kxd6 40. Rxa6+ Kc5 41. Kg2 h5 42. Kf3 Kc4 43. Ke2 h4 44. Kf3 h3 45. Rb6 Kc3 46. Kf2 Kc4 47. Rb7 Ng5 48. Rb8 f6 49. Rb6 f3 50. Kg3 Kc5 51. Rb8 Kc4 52. Kf2 h2 53. Rh8 Kb3 54. Rxh2 Kxa3 55. Ke3 b4 56. Rh6 b3 57. Rxf6 b2 58. Ra6+ Kb3 59. Rb6+ Kc2 60. Rc6+ Kd1 61. Rd6+ Kc1 62. Rc6+ Kd1 63. Rb6 Kc2 64. Rc6+ 1/2-1/2